|
|
|
|
| LEADER |
01482nam a2200253 a 4500 |
| 001 |
001925062-2 |
| 008 |
100328s1989 th a b i100 0 eng d |
| 040 |
|
|
|a WIX
|c WIX
|d HLS
|d BD-DhAAL
|
| 082 |
0 |
0 |
|a 307.1/412/095
|2 20
|
| 111 |
2 |
|
|a Regional Experts Meeting on the Review of Integrated Rural Development Strategies
|d (1989 :
|c Suweon, Korea)
|
| 245 |
1 |
0 |
|a Integrated rural development in Asia and the Pacific :
|b a framework for action for the 1990s : proceedings of the Regional Experts Meeting on the Review of Integrated Rural Development Strategies, Suweon, Republic of Korea, 14-17 March 1989.
|
| 260 |
|
|
|a Bangkok :
|b United Nations Interagency Committee on Integrated Rural Development for Asia and the Pacific,
|c 1989.
|
| 300 |
|
|
|a vi, 183 p. :
|b ill. ;
|c 24 cm.
|
| 500 |
|
|
|a "ST/ESCAP/752"--T.p. verso.
|
| 504 |
|
|
|a Includes bibliographical references.
|
| 541 |
1 |
|
|e 00003881
|
| 650 |
|
0 |
|a Rural development
|z Asia
|v Congresses.
|
| 650 |
|
0 |
|a Rural development
|z Pacific Area
|v Congresses.
|
| 650 |
|
0 |
|a Rural development projects
|z Asia
|v Congresses.
|
| 650 |
|
0 |
|a Rural development projects
|z Pacific Area
|v Congresses.
|
| 710 |
2 |
|
|a United Nations Interagency Committee on Integrated Rural Development for Asia and the Pacific.
|
| 852 |
4 |
|
|a Ayesha Abed Library
|j General Shelf
|
| 999 |
|
|
|c 7891
|d 7891
|
| 952 |
|
|
|0 0
|1 0
|2 ddc
|4 0
|6 307_141209500000000_INT_1989
|7 0
|9 8826
|a BRACUL
|b BRACUL
|c GEN
|d 2010-03-28
|g 0.00
|l 0
|o 307.1412095 INT
|p 3010003881
|r 2010-03-28
|t 1
|w 2010-03-28
|y BK
|z Not price in Register
|